| 000 | 01247nam a2200325 i 4500 | ||
|---|---|---|---|
| 003 | DO-SdBNP | ||
| 005 | 20260423092056.0 | ||
| 007 | ta | ||
| 008 | 260423b1969 dr ||||| |||| 00| 0 spa d | ||
| 040 |
_aDO-SdBNP _bspa _cBNPHU _erda |
||
| 041 | _aspa | ||
| 082 | 4 |
_a347.729305 _bR426c _222 |
|
| 110 | 1 |
_aRepública Dominicana _9447 |
|
| 245 | 1 | 0 |
_aCódigo de procedimiento civil y legislación complementaria / _cF. Tavares, hijo ; revisión, Margarita Tavares de Malagón, Froilan J. R. Tavares |
| 250 | _acuarta edición | ||
| 264 | 1 |
_aSanto Domingo : _bEditora Estella, _c1969. |
|
| 300 |
_a340 xxviii páginas ; _c23 cm. |
||
| 336 |
_atexto _btxt _2rdacontent |
||
| 337 |
_asin mediación _bn _2rdamedia |
||
| 338 |
_avolumen _bnc _2rdacarrier |
||
| 500 | _aIncluye referencias bibliográficas y notas al pie de las páginas | ||
| 590 | _aInventariado, 2026/BT | ||
| 650 | 4 |
_aDerecho civil _xLegislación _zRepública Dominicana _96943 |
|
| 650 | 4 |
_aProcedimiento civil _xLegislación _zRepública Dominicana _911714 |
|
| 650 | 4 |
_aLeyes _zRepública Dominicana _93033 |
|
| 700 | 1 |
_aTavares Malagón, Margarita de, _erevisada _4rev. _989395 |
|
| 700 | 1 |
_aR. Tavares, Froilan J., _erevisad _4rev. _989396 |
|
| 910 | _aBtavárez | ||
| 942 |
_2ddc _cLBS1 |
||
| 999 |
_c60604 _d60604 |
||